000 01153nam a2200229Ia 4500
999 _c60560
_d60560
001 2527
003 GE_BSU
005 20230901113207.0
008 181216s1996||||ge |||||||||||||| ||geo||
040 _cGE_BSU
041 _ageo
080 _a811.111(038)+811.353.1(038) ი–54
245 _aინგლისურ-ქართული ლექსიკონი = English-Georgian dictionary. რვეული 3 :
_bC /
_c[სარედ. კოლ.: არიანე ჭანტურია (მთ. რედ.) და სხვ. ; შემდგ.: ნ. ძოწენიძე, ც. მათურელი, ნ. საყვარელიძე და სხვ.].
245 _b
264 _aთბილისი,
_c1996.
300 _a257 გვ.;
_b28 სმ.
653 _aინგლისურ–ქართული ლექსიკონი
700 _aჭანტურია, არიანე
_eრედაქტორი
_95156
700 _aძოწენიძე, ნ.
_eშემდგენელი
_916536
710 _aთბილისის სახ. უნ-ტი
_919739
942 _cBK
_2udc